000
00275nam a2200109Ia 4500
008
220204s9999 xx 000 0 und d
082
_a
065.016
_b
PER
245
0
_a
Performance appraisal
260
_a
USA
_b
Harvard College
_c
1955
650
_a
Performance appraisal
942
_c
BK
999
_c
37231
_d
37231